ا ر د و ڈ ر ا مہ کی مو جو د ہ صو ر تحا ل (Record no. 172103)

MARC details
000 -LEADER
fixed length control field 00691nam a22001937a 4500
005 - DATE AND TIME OF LATEST TRANSACTION
control field 20200127171530.0
010 ## - LCCN (DPL NO)
LC control number UR-10689
020 ## - INTERNATIONAL STANDARD BOOK NUMBER
Terms of availability 175.00
International Standard Book Number -
035 ## - SYSTEM CONTROL NUMBER
System control number U-9244
037 ## - SOURCE OF ACQUISITION
Source of stock number/acquisition DBAD/PUB
Stock number -
082 ## - DEWEY DECIMAL CLASSIFICATION NUMBER
Classification number 842.88
100 ## - MAIN ENTRY--PERSONAL NAME
Personal name مر تبہ:معظم علی
245 ## - TITLE STATEMENT
Title ا ر د و ڈ ر ا مہ کی مو جو د ہ صو ر تحا ل
Statement of responsibility, etc مر تبہ:معظم علی
246 ## - VARYING FORM OF TITLE
Remainder of title Urdu Drama Ki Moujuda Suratehal (Urdu)
Title proper/short title Edited by Mouzam Ali
260 ## - PUBLICATION, DISTRIBUTION, ETC. (IMPRINT)
Place of publication, distribution, etc Rajisthan
Name of publisher, distributor, etc Rajisthan Urdu Academy
Date of publication, distribution, etc 2017ء
270 ## - ADDRESS
Address J-15,Jhalana Institutional Area,
City Delhi Jaipur
Postal code 302004
Telephone number 0141-2709771
Fax number -
300 ## - PHYSICAL DESCRIPTION
Extent 112 ص
Dimensions 22 Cm(Hb)
942 ## - ADDED ENTRY ELEMENTS (KOHA)
Source of classification or shelving scheme Dewey Decimal Classification
Item type Urdu Bks
Classification part 842.88
Call number suffix م ع ظ
Holdings
Withdrawn status Lost status Not for loan Collection code Home library Current library Date acquired Source of acquisition Cost, normal purchase price Full call number Barcode Copy number Cost, replacement price Koha item type
      Non-fiction Central Library Central Library 27/01/2020 BPPD/Ven. 175.00 842.88 م ع ظ U-9244 1 175.00 Urdu Bks

© Delhi Public Library
Hit Counter
free hit counter